Governors of Texas Quiz - Statistics

General Stats
  • This quiz has been taken 165 times
  • The average score is 11 of 45
Answer Stats
Years Governor % Correct
1995–2000 George W. Bush
99%
2015– Greg Abbott
86%
2000–2015 Rick Perry
73%
1991–1995 Ann Richards
64%
1859–1861 Sam Houston
61%
1963–1969 John Connally
37%
1969–1973 Preston Smith
30%
1915–1917 James E. Ferguson
27%
1925–1927, 1933–1935 Mariam A. Ferguson
27%
1983–1987 Mark White
26%
1891–1895 Jim Hogg
25%
1979–1983, 1987–1991 Bill Clements
23%
1879–1883 Oran Milo Roberts
23%
1941–1947 Coke R. Stevenson
22%
1973–1979 Dolph Briscoe
22%
1870–1874 Edmund J. Davis
22%
1917–1921 William P. Hobby
21%
1957–1963 Price Daniel
20%
1874–1876 Richard Coke
20%
1939–1941 Wilbert Lee O'Daniel
20%
1921–1925 Pat Morris Neff
18%
1849–1853 Peter Hansborough Bell
18%
1865–1866 Andrew Jackson Hamilton
17%
1947–1949 Beauford H. Jester
17%
1927–1931 Dan Moody
17%
1853–1857, 1867–1869 Elisha M. Pease
17%
1847–1849 George T. Wood
17%
1935–1939 James Allred
17%
1866–1867 James W. Throckmorton
17%
1887–1891 Lawrence Sullivan Ross
17%
1863–1865 Pendleton Murrah
17%
1949–1957 Allan Shivers
16%
1861 Edward Clark
16%
1857–1859 Hardin R. Runnels
16%
1846–1847 James Pinckney Henderson
16%
1853 James W. Henderson
16%
1883–1887 John Ireland
16%
1899–1903 Joseph D. Sayers
16%
1911–1915 Oscar Branch Colquitt
16%
1876–1879 Richard B. Hubbard
16%
1931–1933 Ross S. Sterling
16%
1903–1907 S. W. T. Lanham
16%
1907–1911 Thomas Mitchell Campbell
16%
1895–1899 Charles A. Culberson
11%
1861–1863 Francis Lubbock
8%
No matching quizzes found
Score Distribution
Percent of People with Each Score
Percentile by Number Answered
Your Score History
You have not taken this quiz